Normal view MARC view
  • HEAT AND LIGHT SOLAR SYSTEM SPACE

Entry Topical Term

Number of records used in: 1

001 - CONTROL NUMBER

  • control field: 79992

003 - CONTROL NUMBER IDENTIFIER

  • control field: NUST

005 - DATE AND TIME OF LATEST TRANSACTION

  • control field: 20210628210553.0

008 - FIXED-LENGTH DATA ELEMENTS

  • fixed length control field: 210628|| aca||aabn | a|a d

040 ## - CATALOGING SOURCE

  • Original cataloging agency: NUST
  • Transcribing agency: NUST

150 ## - HEADING--TOPICAL TERM

  • Topical term or geographic name entry element: HEAT AND LIGHT SOLAR SYSTEM SPACE

670 ## - SOURCE DATA FOUND

  • Source citation: Work cat.: (NUST): Barness, Ernest William 79991, Scientific theory and religion the world described by science and its spiritual interpretation, 1933
© 2023 Central Library, National University of Sciences and Technology. All Rights Reserved.